|
|
|
|
| LEADER |
00000nam a22000003a 4500 |
| 001 |
stu224210 |
| 005 |
20260316133607.4 |
| 008 |
110420s2008----xo------------------slo-d |
| 020 |
|
|
|a 978-80-969675-6-8
|
| 040 |
|
|
|a STU
|b slo
|
| 041 |
0 |
|
|a slo
|
| 044 |
|
|
|a xo
|
| 080 |
|
|
|a 504
|
| 100 |
1 |
|
|a Fargašová, Agáta
|4 aut
|
| 245 |
1 |
|
|a Environmentálna toxikológia a všeobecná ekotoxikológia
|
| 260 |
|
|
|a Bratislava :
|b Orman,
|c 2008
|
| 300 |
|
|
|a 350 s
|
| 650 |
|
7 |
|a toxikológia environmentálna
|2 stusub
|
| 650 |
|
7 |
|a ekotoxikológia
|2 stusub
|
| 856 |
4 |
|
|a https://sweb.mtf.stuba.sk/obsahy/enviromentalna_toxikologia_a_vseobecna_ekotoxikologia_08
|u https://sweb.mtf.stuba.sk/obsahy/enviromentalna_toxikologia_a_vseobecna_ekotoxikologia_08
|3 OBSAH
|
| 996 |
|
|
|b 284M079409
|c M*12959-1
|l MMST
|s A
|a 24
|w stu224210_0001
|
| 996 |
|
|
|b 284M079410
|c M*12959-2
|l MMKN
|s A
|a 24
|w stu224210_0002
|
| 996 |
|
|
|b 284M079411
|c M*12959-3
|l MMKN
|s A
|a 24
|w stu224210_0003
|